Những vấn đề thi pháp của truyện

Na minha lista:
Detalhes bibliográficos
Autor principal: Nguyễn Thái Hòa
Formato: Livro
Idioma:Vietnamese
Publicado em: H. Giáo dục 2000
Assuntos:
Tags: Adicionar Tag
Sem tags, seja o primeiro a adicionar uma tag!
Thư viện lưu trữ: Mạng thư viện Đại học Đà Nẵng
LEADER 00992nam a2200313 4500
001 000004086
003 215
005 20121211001247.0
008 110714s2000 viesd
020 |c 13000 
041 0 |a vie 
082 |a 808.3  |b NG-H 
100 1 |a Nguyễn Thái Hòa 
245 1 7 |a Những vấn đề thi pháp của truyện  |c Nguyễn Thái Hòa 
260 |a H.  |b Giáo dục  |c 2000 
300 |a 204 tr.  |c 20 cm. 
653 |a Văn học Việt Nam 
653 |a Nghiên cứu văn học 
910 |a Thi  |d 14/7/2011 
OWN |a LSP 
AVA |a UDN50  |b LSP  |d 808.3 NG-H  |e available  |t Error 5001 Not defined in file expand_doc_bib_avail.  |f 9  |g 0  |h N  |i 0  |k 1 
999 |a From the UDN01 
AVA |a UDN50  |b LSP  |d 808.3 NG-H  |e available  |t Error 5001 Not defined in file expand_doc_bib_avail.  |f 9  |g 0  |h N  |i 0  |k 1 
TYP |a Monograph 
TYP |a Printed language 
980 |a Mạng thư viện Đại học Đà Nẵng